Diasporas, Development and Governance (Record no. 9634)

MARC details
000 -LEADER
fixed length control field 00673nam a22002297a 4500
003 - CONTROL NUMBER IDENTIFIER
control field OSt
005 - DATE AND TIME OF LATEST TRANSACTION
control field 20260417112702.0
008 - FIXED-LENGTH DATA ELEMENTS--GENERAL INFORMATION
fixed length control field 260417b |||||||| |||| 00| 0 eng d
020 ## - INTERNATIONAL STANDARD BOOK NUMBER
International Standard Book Number 9783319221649
040 ## - CATALOGING SOURCE
Transcribing agency DDC
082 ## - DEWEY DECIMAL CLASSIFICATION NUMBER
Classification number 331.544 DIA 2016
100 ## - MAIN ENTRY--PERSONAL NAME
Personal name Editors Chikanda, Abel ; Crush, Jonathan; Walton-Roberts, Margaret
9 (RLIN) 19585
245 ## - TITLE STATEMENT
Title Diasporas, Development and Governance
250 ## - EDITION STATEMENT
Edition statement Vol.5
260 ## - PUBLICATION, DISTRIBUTION, ETC. (IMPRINT)
Name of publisher, distributor, etc. Heidelberg; Springer, 2016
300 ## - PHYSICAL DESCRIPTION
Extent xx,275p.; Ill: 24.5cm
440 ## - SERIES STATEMENT/ADDED ENTRY--TITLE
Title Global Migration Issues 5
9 (RLIN) 19586
504 ## - BIBLIOGRAPHY, ETC. NOTE
Bibliography, etc References, & index included
650 ## - SUBJECT ADDED ENTRY--TOPICAL TERM
Topical term or geographic name as entry element Migrate workers
9 (RLIN) 19587
650 ## - SUBJECT ADDED ENTRY--TOPICAL TERM
Topical term or geographic name as entry element Diaspora
9 (RLIN) 17978
942 ## - ADDED ENTRY ELEMENTS (KOHA)
Source of classification or shelving scheme Other/Generic Classification Scheme
Koha item type Open Shelf
Holdings
Withdrawn status Lost status Source of classification or shelving scheme Damaged status Not for loan Home library Current library Date acquired Source of acquisition Inventory number Total Checkouts Full call number Barcode Date last seen Koha item type
    Dewey Decimal Classification     MUST Main Library MUST Main Library 17/04/2026 Purchase 26/42617   331.544 DIA 2016 2026-0132 17/04/2026 Open Shelf
    Dewey Decimal Classification     MUST Main Library MUST Main Library 17/04/2026 Purchase 26/42618   331.544 DIA 2016 2026-0133 17/04/2026 Open Shelf